El papel del diseñador gráfico en la museografía. (Record no. 5747)

MARC details
000 -CABECERA
campo de control de longitud fija 00753nam a2200229 a 4500
001 - NÚMERO DE CONTROL
campo de control BRCA_6060
005 - FECHA Y HORA DE LA ÚLTIMA TRANSACCIÓN
campo de control 20190320205322.0
008 - DATOS DE LONGITUD FIJA--INFORMACIÓN GENERAL
campo de control de longitud fija 170608s--------mx-a---###---#000-0#spa-#
050 #4 - SIGNATURA TOPOGRÁFICA DE LA BIBLIOTECA DEL CONGRESO
Número de clasificación AM5
Número de documento/Ítem .E87
100 1# - ENTRADA PRINCIPAL--NOMBRE DE PERSONA
Nombre de persona Espinosa López, Verónica Soledad
9 (RLIN) 15298
245 10 - MENCIÓN DE TÍTULO
Título El papel del diseñador gráfico en la museografía.
260 ## - PUBLICACIÓN, DISTRIBUCIÓN, ETC.
Lugar de publicación, distribución, etc. Ciudad de México
300 ## - DESCRIPCIÓN FÍSICA
Extensión 69 p.
Otras características físicas il., diagramas
500 ## - NOTA GENERAL
Nota general Ejemplar engargolado
502 ## - NOTA DE TESIS
Nota de tesis Tesis Licenciatura (Licenciado en Diseño Gráfico) Universidad Iberoamericana
650 14 - PUNTO DE ACCESO ADICIONAL DE MATERIA--TÉRMINO DE MATERIA
Término de materia o nombre geográfico como elemento de entrada Museografía
9 (RLIN) 15299
650 14 - PUNTO DE ACCESO ADICIONAL DE MATERIA--TÉRMINO DE MATERIA
Término de materia o nombre geográfico como elemento de entrada Museos
9 (RLIN) 144
700 1# - PUNTO DE ACCESO ADICIONAL--NOMBRE DE PERSONA
Nombre de persona Velázquez Morales, Leticia Esthela
Término indicativo de función/relación asesor
9 (RLIN) 15300
700 1# - PUNTO DE ACCESO ADICIONAL--NOMBRE DE PERSONA
Nombre de persona Sánchez Wainke, Erna Margarita
Término indicativo de función/relación asesor
9 (RLIN) 15301
902 ## - CATALOGADOR
Iniciales TES
942 ## - ELEMENTOS DE PUNTO DE ACCESO ADICIONAL (KOHA)
Fuente del sistema de clasificación o colocación Library of Congress Classification
Tipo de ítem Koha Tesis
Holdings
Estado de retiro Estado de pérdida Estado dañado No para préstamo Localización permanente Ubicación/localización actual Fecha de adquisición Total de préstamos Signatura topográfica completa Código de barras Fecha visto por última vez Precio válido a partir de Tipo de ítem Koha
El ejemplar forma parte de la colección y puede ser consultado según las políticas vigentes.       Biblioteca del Museo Franz Mayer (Rogerio Casas-Alatriste) Biblioteca del Museo Franz Mayer (Rogerio Casas-Alatriste) 24/05/2011   AM5 .E87 TES00026 22/03/2019 22/03/2019 Tesis